<?xml version="1.0" encoding="UTF-8"?>
<collection xmlns="http://www.loc.gov/MARC21/slim">
 <record>
  <leader>03141ntm a22005417a 4500</leader>
  <controlfield tag="001">000125344</controlfield>
  <controlfield tag="003">CZ-PrVSE</controlfield>
  <controlfield tag="005">20080728074543.0</controlfield>
  <controlfield tag="007">ta</controlfield>
  <controlfield tag="008">070226s2008    xr d   frb    000 0 cze</controlfield>
  <datafield tag="040" ind1=" " ind2=" ">
   <subfield code="a">JHD001</subfield>
   <subfield code="b">cze</subfield>
   <subfield code="c">JHD001</subfield>
   <subfield code="d">JHD001</subfield>
  </datafield>
  <datafield tag="080" ind1=" " ind2=" ">
   <subfield code="a">005</subfield>
   <subfield code="2">MRF</subfield>
  </datafield>
  <datafield tag="080" ind1=" " ind2=" ">
   <subfield code="a">331.104:364.636</subfield>
   <subfield code="2">MRF</subfield>
  </datafield>
  <datafield tag="080" ind1=" " ind2=" ">
   <subfield code="a">316.647.82</subfield>
   <subfield code="2">MRF</subfield>
  </datafield>
  <datafield tag="080" ind1=" " ind2=" ">
   <subfield code="a">364.633/.634</subfield>
   <subfield code="2">MRF</subfield>
  </datafield>
  <datafield tag="099" ind1=" " ind2="9">
   <subfield code="a">MN2443</subfield>
  </datafield>
  <datafield tag="100" ind1="1" ind2=" ">
   <subfield code="a">Kopřivová, Lucie</subfield>
   <subfield code="%">ISIS:59381</subfield>
   <subfield code="4">dis</subfield>
  </datafield>
  <datafield tag="245" ind1="1" ind2="0">
   <subfield code="a">Sexuální obtěžování a jiné druhy diskriminace v pracovněprávních vztazích</subfield>
   <subfield code="h">[rukopis] /</subfield>
   <subfield code="c">Lucie Kopřivová</subfield>
  </datafield>
  <datafield tag="260" ind1=" " ind2=" ">
   <subfield code="c">2008</subfield>
  </datafield>
  <datafield tag="300" ind1=" " ind2=" ">
   <subfield code="a">43 l. :</subfield>
   <subfield code="b">il.</subfield>
  </datafield>
  <datafield tag="500" ind1=" " ind2=" ">
   <subfield code="a">Vedoucí práce: Jan Hejda</subfield>
  </datafield>
  <datafield tag="502" ind1=" " ind2=" ">
   <subfield code="a">Bakalářská práce (Bc.)—Vysoká škola ekonomická v Praze, Fakulta managementu, 2008</subfield>
  </datafield>
  <datafield tag="504" ind1=" " ind2=" ">
   <subfield code="a">Obsahuje bibliografii</subfield>
  </datafield>
  <datafield tag="518" ind1=" " ind2=" ">
   <subfield code="a">Rok obhajoby 2008</subfield>
  </datafield>
  <datafield tag="520" ind1="3" ind2=" ">
   <subfield code="a">Tato bakalářská práce je vypracována na téma Sexuální obtěžování a jiné druhy diskriminace v pracovněprávních vztazích. Práce je rozdělena na dvě hlavní části – teoretickou a praktickou. V teoretické části jsou uvedeny nejdůležitější pojmy, které souvisí s diskriminací. Dále jsou uvedeny zákonné úpravy týkající se oblasti diskriminace. Je zde zmíněno mezinárodní právo, právo platné v Evropské unii a právní úpravy České republiky. Další části jsou věnovány problematice diskriminace se zaměřením na mobbing a sexuální obtěžování. V praktické části je srovnání právní úpravy v ČR a EU. Dále je uvedeno dotazníkové šetření, které bylo provedeno na vzorku studentů. Poslední část je věnována úřadům práce a inspektorátům práce a jejich využití. V závěru je shrnut problém diskriminace a sexuálního obtěžování v pracovněprávních vztazích</subfield>
  </datafield>
  <datafield tag="650" ind1="0" ind2="7">
   <subfield code="a">mobbing</subfield>
   <subfield code="7">ph182939</subfield>
   <subfield code="2">czenas</subfield>
  </datafield>
  <datafield tag="650" ind1="0" ind2="7">
   <subfield code="a">nepřímá diskriminace</subfield>
   <subfield code="7">ph385075</subfield>
   <subfield code="2">czenas</subfield>
  </datafield>
  <datafield tag="650" ind1="0" ind2="7">
   <subfield code="a">sexuální obtěžování</subfield>
   <subfield code="7">ph125511</subfield>
   <subfield code="2">czenas</subfield>
  </datafield>
  <datafield tag="653" ind1="0" ind2=" ">
   <subfield code="a">management [obor bakal. práce]</subfield>
  </datafield>
  <datafield tag="655" ind1=" " ind2="7">
   <subfield code="a">bakalářské práce</subfield>
   <subfield code="7">fd132403</subfield>
   <subfield code="2">czenas</subfield>
  </datafield>
  <datafield tag="650" ind1="0" ind2="9">
   <subfield code="a">mobbing</subfield>
   <subfield code="2">eczenas</subfield>
  </datafield>
  <datafield tag="650" ind1="0" ind2="9">
   <subfield code="a">indirect discrimination</subfield>
   <subfield code="2">eczenas</subfield>
  </datafield>
  <datafield tag="650" ind1="0" ind2="9">
   <subfield code="a">sexual harassment</subfield>
   <subfield code="2">eczenas</subfield>
  </datafield>
  <datafield tag="655" ind1=" " ind2="9">
   <subfield code="a">bachelor's theses</subfield>
   <subfield code="2">eczenas</subfield>
  </datafield>
  <datafield tag="700" ind1="1" ind2=" ">
   <subfield code="a">Hejda, Jan</subfield>
   <subfield code="4">ths</subfield>
  </datafield>
  <datafield tag="710" ind1="2" ind2=" ">
   <subfield code="a">Vysoká škola ekonomická v Praze.</subfield>
   <subfield code="b">Fakulta managementu</subfield>
   <subfield code="7">ko2002109809</subfield>
  </datafield>
  <datafield tag="856" ind1="4" ind2="0">
   <subfield code="u">http://www.vse.cz/vskp/show_file.php?soubor_id=18584</subfield>
   <subfield code="y">Hlavní práce</subfield>
  </datafield>
  <datafield tag="856" ind1="4" ind2="0">
   <subfield code="u">http://www.vse.cz/vskp/show_file.php?soubor_id=18585</subfield>
   <subfield code="y">Přiloha k práci</subfield>
  </datafield>
  <datafield tag="856" ind1="4" ind2="0">
   <subfield code="u">http://www.vse.cz/vskp/show_file.php?soubor_id=18586</subfield>
   <subfield code="y">Přiloha k práci</subfield>
  </datafield>
  <datafield tag="856" ind1="4" ind2="0">
   <subfield code="u">http://www.vse.cz/vskp/show_file.php?soubor_id=19411</subfield>
   <subfield code="y">Hodnocení vedoucího</subfield>
  </datafield>
  <datafield tag="999" ind1="4" ind2="0">
   <subfield code="u">http://www.vse.cz/vskp/show_evskp.php?evskp_id=5684</subfield>
   <subfield code="y">dc:identifier</subfield>
  </datafield>
  <datafield tag="935" ind1=" " ind2=" ">
   <subfield code="a">(eVSKP)5684</subfield>
  </datafield>
  <datafield tag="999" ind1="4" ind2="2">
   <subfield code="a">soubor_id_18584</subfield>
   <subfield code="u">a08966db46176b557f2e77187968cc1d</subfield>
  </datafield>
  <datafield tag="999" ind1="4" ind2="3">
   <subfield code="a">soubor_id_18584</subfield>
   <subfield code="u">a08966db46176b557f2e77187968cc1d</subfield>
  </datafield>
  <datafield tag="993" ind1=" " ind2=" ">
   <subfield code="x">NEPOSILAT</subfield>
   <subfield code="y">VSKP</subfield>
  </datafield>
  <datafield tag="996" ind1=" " ind2=" ">
   <subfield code="1">HSTU1</subfield>
   <subfield code="3">D 2443-V1</subfield>
   <subfield code="5">4202128829</subfield>
   <subfield code="8">20080728</subfield>
   <subfield code="9">MN2443</subfield>
   <subfield code="f">85</subfield>
   <subfield code="l">UEP01</subfield>
   <subfield code="m">BOOK</subfield>
   <subfield code="q">Knihovna FM JH studovna I</subfield>
   <subfield code="t">prezenční</subfield>
   <subfield code="u">UEP01</subfield>
  </datafield>
 </record>
</collection>
